000 00429nam a2200157Ia 4500
003 GCL
008 140319s9999 xx 000 0 eng d
040 _aGCL /
_cGCL
082 0 4 _aREF
_b666.72
_bS H
100 1 _aEAGLE, SELWYN
245 1 0 _aHAND BOOK OF INDUSTRIAL: REFRACTORIES TECHNOLOGY /
_cEAGLE, SELWYN
260 _a[S.N] :
_bMACMILLAN PUBLISHING COMPANY
650 0 4 _aTECHNOLOGY
650 0 4 _aINDUSTRY
942 _2ddc
_cBK
999 _c18507
_d18507